000
00330nam a22001337a 4500
008
260420b ||||| |||| 00| 0 eng d
020
_a
9789928187253
041
_a
eng
080
_a
1.1
100
_a
30
101
_a
Manual conference
245
_a
Proceedings
_c
Konferenca e tretë Shkencore ndërkombëtare
942
_2
udc
_c
BK
999
_c
60981
_d
60981